[Event "ICS rated standard match"]
[Site "204.178.125.65"]
[Date "1999.11.20"]
[Round "?"]
[White "Moron"]
[Black "Hossa"]
[Result "1-0"]
[WhiteElo "2641"]
[BlackElo "2340"]
[PlyCount "107"]
[EventDate "1999.??.??"]

1. e4 e5 2. Nf3 Nc6 3. Bb5 a6 4. Ba4 Nf6 5. O-O Be7 6. Re1 b5 7. Bb3 d6 8. c3
O-O 9. h3 Na5 10. Bc2 c5 11. d4 Qc7 12. Nbd2 cxd4 13. cxd4 Nc6 14. Nb3 a5 15.
Be3 a4 16. Nbd2 Bd7 17. Rc1 Qb7 18. Qe2 Rfe8 19. a3 Rac8 20. Bd3 exd4 21. Nxd4
Nxd4 22. Bxd4 Rxc1 23. Rxc1 Bc6 24. Qf3 Qd7 25. Qf4 Bd8 26. Kh1 Kh8 27. Qe3 d5
28. e5 Qb7 29. Bf5 Nd7 30. Qc3 Nb8 31. Nf3 Kg8 32. Be3 Bb6 33. Nd4 Bd7 34. Bxd7
Qxd7 35. b3 Bxd4 36. Bxd4 Qf5 37. bxa4 bxa4 38. Qa5 Qf4 39. Rd1 Qe4 40. Qxa4
Rd8 41. f3 Qh4 42. Qb5 Qe7 43. a4 Qe6 44. Bb6 Rc8 45. Rxd5 Nc6 46. Rd6 Qe8 47.
f4 h6 48. a5 Kf8 49. a6 Ne7 50. Qxe8+ Kxe8 51. a7 g6 52. Kg1 Rc1+ 53. Kh2 Rc8
54. Bf2 {Hossa resigns} 1-0

[Event "ICS rated blitz match"]
[Site "204.178.125.65"]
[Date "1999.11.20"]
[Round "?"]
[White "Hossa"]
[Black "Murf98"]
[Result "1-0"]
[WhiteElo "2332"]
[BlackElo "1681"]
[Annotator "Hiarcs 7.32 (22s)"]
[PlyCount "43"]
[EventDate "1999.??.??"]

1. e4 1... c5 {Opening = B41 - 3.d4 cd4 4.Nd4 a6 5.---} 2. Nf3 e6 3. d4 cxd4 4.
Nxd4 4... a6 $14 {Staerkt b5} (4... Nf6 5. f3 $11) 5. c4 Qc7 6. Nc3 b6 7. Be3
Bb7 8. Bd3 Nc6 9. Nxc6 Qxc6 10. O-O 10... Nf6 {
Alles auf e4!. Schwarz hat Entwicklungsnachteil.} 11. Qb3 Bc5 12. Rad1 $11 (12.
Bxc5 $5 $142 {ist zu beachten} 12... bxc5 13. f4 $14) 12... Bxe3 13. fxe3 13...
h5 $14 (13... Ng4 $5 14. Rf3 14... Ne5 $11) 14. Qb4 $11 {
Haelt den Koenig im Zentrum fest} (14. Na4 b5 15. cxb5 15... axb5 $11) 14... h4
15. Na4 $15 (15. Bc2 a5 16. Qd6 Qxd6 17. Rxd6 17... Bc6 $11) 15... Nxe4 16.
Nxb6 {Schwarz kann nicht lang rochieren} 16... Nc5 {Es droht Matt} 17. Rf2 $17
(17. Be4 $1 17... Qxe4 18. Rf2 Qxe3 19. Nxa8 $17) 17... h3 $4 $18 {
laesst den Gewinn aus} (17... a5 18. Qb5 Ra6 19. Nxd7 19... Nxd7 $11) 18. Nxa8
Bxa8 (18... hxg2 {ist noch eine Idee} 19. Bc2 19... Qc8 $18) 19. Qb8+ Ke7 20.
Qxh8 hxg2 21. Bg6 $1 {glaenzend gespielt. Droht Matt} 21... Ne4 22. Rxf7# 1-0

[Event "ICS rated standard match"]
[Site "204.178.125.65"]
[Date "1999.11.20"]
[Round "?"]
[White "star"]
[Black "Hossa"]
[Result "1/2-1/2"]
[WhiteElo "2404"]
[BlackElo "2335"]
[PlyCount "166"]
[EventDate "1999.??.??"]

1. Nf3 d5 2. d4 Nf6 3. e3 e6 4. Bd3 c5 5. c3 Nc6 6. Nbd2 Bd6 7. O-O e5 8. dxe5
Nxe5 9. Nxe5 Bxe5 10. Nf3 Bc7 11. b4 b6 12. Ba3 Qd6 13. Bb5+ Bd7 14. bxc5 bxc5
15. Qa4 O-O 16. Bxc5 Qxc5 17. Bxd7 Ba5 18. Rab1 Bxc3 19. Rb7 a5 20. Rfb1 Bb4
21. Bf5 g6 22. Bc2 Rfc8 23. Nd4 Ne4 24. Bd3 Qc3 25. Bxe4 Qc1+ 26. Qd1 Qxd1+ 27.
Rxd1 dxe4 28. h3 Rc3 29. Nb5 Rd3 30. Rd7 Rxd1+ 31. Rxd1 Rc8 32. a3 Bf8 33. Kf1
Rc5 34. a4 f5 35. Ke2 h5 36. f3 Rc2+ 37. Rd2 exf3+ 38. gxf3 Rc4 39. Rd4 Rc6 40.
e4 Bg7 41. Rd8+ Kh7 42. exf5 Rc4 43. Rd7 gxf5 44. Nd6 Rc5 45. Ra7 Kg6 46. Nb5
Rc2+ 47. Kd3 Rh2 48. Ra6+ Kh7 49. Rxa5 Rxh3 50. Ke3 Bh6+ 51. Kf2 Rh2+ 52. Kg3
Rd2 53. Nc7 f4+ 54. Kh3 Rf2 55. Rxh5 Rxf3+ 56. Kg2 Ra3 57. a5 Kg6 58. Re5 f3+
59. Kf2 Bg5 60. Re4 Kf5 61. Rc4 Rxa5 62. Kxf3 Ra3+ 63. Kf2 Bf6 64. Nd5 Be5 65.
Ne3+ Kg6 66. Rc6+ Kg7 67. Ke2 Rb3 68. Re6 Bb2 69. Rd6 Kf7 70. Rd1 Bh8 71. Kf3
Ke6 72. Ke2 Bf6 73. Rd3 Rb8 74. Nc4 Bg7 75. Ke3 Bh8 76. Ke4 Rb1 77. Rd6+ Ke7
78. Rd5 Bg7 79. Rd3 Kf6 80. Rd6+ Kg5 81. Rd5+ Kh4 82. Rf5 Rb4 83. Rc5 83... Ba1
{Game drawn by mutual agreement} 1/2-1/2

[Event "ICS rated blitz match"]
[Site "204.178.125.65"]
[Date "1999.11.21"]
[Round "?"]
[White "Hossa"]
[Black "SharpShooter"]
[Result "0-1"]
[WhiteElo "2331"]
[BlackElo "2611"]
[PlyCount "100"]
[EventDate "1999.??.??"]

1. e4 d5 2. exd5 Nf6 3. Nc3 Nxd5 4. Bc4 Nb6 5. Bb5+ c6 6. Be2 Qd6 7. Nf3 Qg6 8.
g3 Qd6 9. Ng5 f6 10. Nge4 Qd8 11. d4 Bh3 12. Be3 e6 13. Bd3 Bg2 14. Rg1 Bxe4
15. Bxe4 f5 16. Bd3 Bb4 17. Qh5+ g6 18. Qh6 Qd7 19. a3 Bxc3+ 20. bxc3 Na4 21.
Bd2 c5 22. Qh4 O-O 23. Bh6 Rc8 24. Qf6 Nxc3 25. dxc5 Nd5 26. Qb2 Rxc5 27. c4
Nb6 28. Qf6 Nc6 29. Rd1 Nd4 30. Kf1 Nxc4 31. Rc1 b5 32. Rd1 Nxa3 33. Rg2 Rd5
34. Ra1 Ndc2 35. Be2 Nxa1 36. Qxa1 Rc8 37. f3 Nc2 38. Qf6 e5 39. Rf2 f4 40. Kg1
fxg3 41. hxg3 Nd4 42. f4 Nxe2+ 43. Rxe2 Rd1+ 44. Kf2 Qd4+ 45. Kg2 Qd5+ 46. Kf2
Rf1+ 47. Kxf1 Qf3+ 48. Kg1 Qxg3+ 49. Kh1 Rc1+ 50. Re1 50... Rxe1# {
Hossa checkmated} 0-1

[Event "ICS Rated blitz match"]
[Site "204.178.125.65"]
[Date "1999.11.21"]
[Round "?"]
[White "Hossa"]
[Black "RedBear"]
[Result "0-1"]
[WhiteElo "2326"]
[BlackElo "2532"]
[Annotator "Steffen A. Jakob"]
[PlyCount "222"]
[EventDate "1999.??.??"]

1. e4 c6 2. d4 d5 3. Nc3 dxe4 4. Nxe4 Bf5 5. Ng3 Bg6 6. Nf3 Nd7 7. Be2 e6 8.
O-O Ngf6 9. c4 Bd6 ({RR} 9... Be7 10. Be3 O-O 11. Ne5 Nxe5 12. dxe5 Nd7 13. f4
Bc5 14. Bxc5 Nxc5 15. b4 Nd3 16. f5 Qd4+ 17. Kh1 Nf2+ 18. Rxf2 Qxf2 19. fxg6
hxg6 20. Qg1 Qf4 21. Qc5 Rad8 22. Rf1 Qd4 23. Qxd4 Rxd4 24. Kg1 {
Dolezal,R-Zugaj,F/Decin op 1996/EXP 53/1-0 (71)}) 10. Nh4 $146 ({RR} 10. b3
10... O-O 11. Bb2 Qc7 12. Nh4 Rad8 13. Nxg6 hxg6 14. Qc2 Qa5 15. Rfd1 Qg5 16.
Bf3 Rfe8 17. Bc1 Bf4 18. Ne2 Bxc1 19. Qxc1 Qxc1 20. Raxc1 e5 21. g3 exd4 22.
Nxd4 Ne5 23. Bg2 Rd7 24. Nf3 24... Nd3 {
Iordachescu,V-Burmakin,V/Novgorod op 1995/EXP 49/0-1 (40)}) 10... Ne4 11. Nf3
Nef6 12. Be3 O-O 13. Nh4 Be4 14. Nxe4 Nxe4 15. Nf3 Nef6 16. Qd3 c5 17. Rfd1 Qa5
18. d5 exd5 19. cxd5 Nb6 20. Qf5 Rfe8 21. b3 Ne4 22. Bf1 g6 23. Qh3 h5 24. Qh4
Qb4 25. Rd3 Rad8 26. a3 Qa5 27. Bh6 Be7 28. Qf4 Bd6 29. Qc1 Be7 30. Qe1 Qxe1
31. Rxe1 f5 32. Red1 Bf6 33. d6 Rd7 34. Be3 c4 35. bxc4 Nxc4 36. Bc1 Rc8 37.
Rb3 Rxd6 38. Re1 Na5 39. Rd3 Rxd3 40. Bxd3 Rc3 41. Bb5 Nc4 42. a4 Rc2 43. Bf4
a6 44. Re2 Rc3 45. Be8 g5 46. Bb8 Rc1+ 47. Re1 Rxe1+ 48. Nxe1 Bd4 49. Nd3 h4
50. Bd7 Ned6 51. Be6+ Kg7 52. Nb4 Kf6 53. Bd5 b5 54. Bc6 bxa4 55. Bxa4 a5 56.
Nc6 Bb6 57. Kh1 Ne4 58. f3 Nf2+ 59. Kg1 Nd1+ 60. Kh1 Ndb2 61. Bb5 f4 62. g3
fxg3 63. hxg3 a4 64. f4 gxf4 65. Bxf4 a3 66. Nb4 Bc5 67. Nd5+ Ke6 68. Nc3 Bd4
69. Na2 hxg3 70. Bxg3 Kd5 71. Bh4 Kc5 72. Be8 Kd6 73. Bf7 Ne5 74. Bh5 Nbd3 75.
Bg5 Nf2+ 76. Kg2 Ne4 77. Bh6 Kd5 78. Bf8 Kc4 79. Bg7 Kb3 80. Nc1+ Kc2 81. Bxe5
Bxe5 82. Na2 Kb2 83. Bf7 Nc5 84. Kf3 Nb3 85. Nb4 Bd6 86. Nd3+ Kc3 87. Bxb3 Kxb3
88. Kg4 Kc3 89. Nc1 Bc5 90. Ne2+ Kb2 91. Nf4 a2 92. Nd3+ Kc2 93. Ne5 Bd4 94.
Nf3 a1=Q 95. Kf5 Qf1 96. Ke4 Be5 97. Nxe5 Kc3 98. Ke3 Qf5 99. Nf3 Qg4 100. Kf2
Qf4 101. Ke2 Qh6 102. Ne1 Qd2+ 103. Kf1 Qe3 104. Ng2 Qf3+ 105. Kg1 Qg3 106. Kf1
Kd2 107. Nh4 Qxh4 108. Kg1 Ke2 109. Kg2 Ke3 110. Kg1 Kf3 111. Kf1 111... Qf2# {
Hossa checkmated} 0-1

[Event "ICS rated standard match"]
[Site "204.178.125.65"]
[Date "1999.11.21"]
[Round "?"]
[White "Hossa"]
[Black "robbok1"]
[Result "0-1"]
[WhiteElo "2335"]
[BlackElo "2510"]
[PlyCount "100"]
[EventDate "1999.??.??"]

1. d4 Nf6 2. c4 c5 3. d5 b5 4. cxb5 a6 5. bxa6 Bxa6 6. Nc3 d6 7. Nf3 g6 8. e4
Bxf1 9. Kxf1 Bg7 10. h3 Nbd7 11. h4 O-O 12. Kg1 Qb6 13. Rh3 Rfb8 14. Nd2 Qa6
15. h5 Nxh5 16. Nf3 Bxc3 17. bxc3 Nhf6 18. Rh4 Qc4 19. Qc2 e5 20. dxe6 Qxe6 21.
Ng5 Qc4 22. Qd2 d5 23. f3 Ne5 24. a3 Nd3 25. Nxh7 Nd7 26. Rh3 Rb3 27. Nf6+ Nxf6
28. Qh6 Nh5 29. Bd2 d4 30. Bg5 Ra6 31. Rh4 Qxc3 32. Rf1 Re6 33. Bd2 Qc2 34. g4
Ne5 35. Rh3 Rd3 36. Bf4 Nxg4 37. Qg5 Ngf6 38. Qh6 Rd1 39. e5 Rxf1+ 40. Kxf1 Rb6
41. Bd2 Rb1+ 42. Kg2 Qd1 43. Bc1 Rxc1 44. Qxc1 Qxc1 45. Kf2 Qe3+ 46. Kf1 Nf4
47. Rg3 Ne4 48. fxe4 Qxg3 49. a4 Qg2+ 50. Ke1 50... Qe2# {Hossa checkmated} 0-1

[Event "ICS Unrated standard match"]
[Site "204.178.125.65"]
[Date "1999.11.21"]
[Round "?"]
[White "Yobes"]
[Black "Hossa"]
[Result "1-0"]
[WhiteElo "1400"]
[BlackElo "2326"]
[Annotator "Hiarcs 7.32 (22s)"]
[PlyCount "113"]
[EventDate "1999.??.??"]

1. e4 1... e6 {Opening = C11 - 3.Nc3 Nf6(4.Bg5 ---)} 2. d4 d5 3. Nc3 Nf6 4. e5
Nfd7 5. Nf3 c5 6. Be3 cxd4 (6... a6 7. Ne2 Nc6 8. c3 b5 9. Ng3 c4 10. Be2 b4
11. O-O Be7 12. Qd2 a5 13. Bd1 Nb6 14. Bc2 Ba6 15. Rfe1 a4 16. Ng5 h6 17. Nh3
b3 18. Bd1 bxa2 19. Rxa2 Bb5 20. f4 g6 21. Bc2 {
Toth,P-Csaba,A/HUN-chT2 1993/TD 93\10/0-1 (38)}) 7. Qxd4 $146 (7. Bxd4 Nc6 8.
Bb5 Be7 (8... a6 9. Bxc6 bxc6 10. O-O c5 11. Be3 Be7 12. Bf4 O-O 13. Qd2 Bb7
14. Rfe1 Qb6 15. Na4 Qc6 16. Nc3 Nb6 17. Bg5 Nc4 18. Qf4 Bxg5 19. Qxg5 Nxb2 20.
Ne2 Nc4 21. Nf4 f6 22. exf6 Rxf6 23. Qg4 Re8 24. Nh4 Bc8 25. Nh5 Rf7 26. Qg5
Nd6 27. f3 Ree7 28. Qg3 c4 29. Re5 Rf8 30. Rae1 Ne8 31. c3 Nf6 32. Nxf6+ Rxf6
33. h3 33... Qb6+ {0-1 Buckley,S-Harikrishna,P/Paris 1996 (33)}) 9. O-O O-O 10.
Ne2 Qc7 11. c4 dxc4 12. Bxc4 Ndxe5 13. Nxe5 Nxe5 14. Bb3 Bd6 15. Rc1 Qe7 16.
Bc3 Bd7 17. Ng3 Bb5 18. Re1 Rfd8 19. Qh5 g6 20. Qh6 f6 21. Qh3 21... Kg7 {
Just,A-Schumacher,B/BLW9394 1994/BIG 90/1/2-1/2 (82)}) (7. Nxd4 Nc6 8. Be2 Nxd4
9. Qxd4 Bc5 10. Qf4 Qb6 11. Nd1 Qb4+ 12. Qxb4 Bxb4+ 13. c3 Bc5 14. O-O O-O 15.
Re1 a6 16. b4 Be7 17. a3 a5 18. Nb2 Nb6 19. Red1 Bd7 20. Rd4 Rfc8 21. Rc1 21...
axb4 {Leclair,M-Calota,A/WchJW-U12 Duisburg 1992/TD 92\06/0-1 (56)}) 7... Nc6
8. Qf4 Bb4 9. Bd2 9... f6 {Deckt g5} 10. Bb5 10... Qa5 $16 (10... Bc5 $5 11.
Qg4 11... Qe7 $11) 11. Bxc6 bxc6 12. Qg4 Kf7 13. exf6 13... gxf6 $18 (13...
Nxf6 $5 14. Ne5+ 14... Kg8 $14) 14. a3 Bxc3 15. Bxc3 Qd8 16. Nd4 Nb8 (16... Ne5
17. Qh5+ Kg7 18. Bd2 $18) 17. Qh5+ Kg7 18. Nf3 e5 19. Bd2 Re8 20. Be3 Kg8 21.
O-O-O Be6 22. g4 Bf7 (22... d4 23. Bd2 $16) 23. Qh6 Re6 24. Rhg1 Qf8 25. Qh3
Bg6 26. Nh4 26... Qf7 $18 (26... Re8 27. Nf5 $16) 27. Nf5 Qd7 (27... Kh8 28. f4
exf4 29. Bxf4 Bxf5 30. gxf5 $18) 28. f4 Kh8 29. fxe5 fxe5 30. Bh6 Kg8 31. Rdf1
Na6 (31... Qd8 32. Ng7 Rd6 33. Qe3 $18) 32. Bg7 32... c5 {
Jetzt haengt d4 in der Luft} (32... Rae8 33. Qc3 $18) 33. Qe3 e4 34. Qg5 Qd8
35. Qf4 Qc7 36. Qd2 d4 37. Qe2 Rb8 38. Qc4 Bf7 (38... Rbb6 39. h3 $16) 39. g5
Qb6 40. b4 40... Bg6 $2 $18 (40... Rb7 $16 $142) 41. Bf6 Bxf5 42. Rxf5 cxb4 (
42... e3 43. Be5 $1 {glaenzend gespielt} 43... Rf8 44. bxc5 Nxc5 45. Rxf8+ Kxf8
46. Bxd4 Nb3+ 47. cxb3 $18) 43. Bxd4 43... Qd6 $4 {
macht die Sache nur schlimmer} (43... Qc6 44. g6 $1 {
Rueckgabe des Materials ist das staerkste} 44... h6 45. Qxc6 45... Rxc6 $18)
44. Be5 Qb6 (44... Qc6 {aendert nichts am Ausgang der Partie} 45. g6 h6 46.
Qxc6 Rxc6 47. Bxb8 Nxb8 48. axb4 $18) 45. Rgf1 Rbe8 (45... Qc6 {
ist noch eine duenne Chance} 46. Qxc6 46... Rxc6 $18) 46. Rf7 Qe3+ 47. Kb1 Nc5
48. Rg7+ Kh8 49. Bd4 Nb3 50. cxb3 50... Qxd4 $5 51. Qxd4 Rd6 52. Qxd6 Kxg7 53.
Qf6+ Kg8 54. Qf7+ Kh8 55. Qxe8+ Kg7 56. Qf7+ Kh8 57. Qf8# 1-0

[Event "ICS unrated standard match"]
[Site "204.178.125.65"]
[Date "1999.11.21"]
[Round "?"]
[White "Yobes"]
[Black "Hossa"]
[Result "1-0"]
[WhiteElo "1400"]
[BlackElo "2326"]
[Annotator "Hiarcs 7.32 (22s)"]
[PlyCount "111"]
[EventDate "1999.??.??"]

1. e4 1... e6 {Opening = C03 - 3.Nd2(Nc6 4.Ngf3 ---)} 2. d4 d5 3. Nd2 Nc6 4.
Ngf3 4... Be7 $146 (4... dxe4 5. Nxe4 Be7 6. c3 Nf6 7. Bd3 Nxe4 8. Bxe4 Bd7 9.
Qc2 g6 10. h4 f5 11. Bd3 Bf6 12. Bf4 Ne7 13. Bc4 Nd5 14. Bxd5 exd5 15. O-O-O
O-O 16. Qd2 h5 17. Rh3 Kh7 18. Bg5 Re8 19. Qf4 Rc8 20. Bxf6 Qxf6 21. Ne5 Ba4
22. Re1 c5 23. Rhe3 c4 24. Nf3 Rxe3 25. Rxe3 Bc6 26. Ng5+ Kg8 27. Re6 Qg7 28.
Qd6 Be8 29. Re7 {1-0 Schaefer,J-Stertkuhl,E/NRW-II 1992/TD 92\01 (29)}) (4...
Nge7 5. g3 b6 6. c3 Qd7 7. Bb5 a6 8. Ne5 Qd6 9. Qf3 f5 10. Bxc6+ Nxc6 11. Qh5+
g6 12. Nxg6 hxg6 13. Qxh8 fxe4 14. f3 e5 15. fxe4 exd4 16. O-O dxc3 17. bxc3
Be6 18. exd5 Qc5+ 19. Rf2 Bxd5 20. Nb3 Bxb3 21. Be3 Qxe3 22. Qxf8+ Kd7 23. Qxa8
Qxc3 24. Raf1 Bd5 25. Rd1 Qc5 26. Qxa6 b5 27. a4 Nd4 28. Qf6 Ne2+ 29. Kf1 Nc3
30. Qd4 Qc6 31. Rc2 {
1-0 Popov,V-Chepukaitis,G/St.Petersburg op 1995/EXP 46 (31)}) (4... e5 5. Bb5
exd4 6. Nxd4 Bd7 7. Nxc6 bxc6 8. Bd3 Bd6 9. c4 Nf6 10. cxd5 cxd5 11. exd5 Nxd5
12. Ne4 Be5 13. Qh5 Qe7 14. O-O g6 15. Qf3 O-O 16. Bg5 f6 17. Bh6 Rfd8 18. Bc4
Be6 19. Rad1 c6 20. Bc1 Kg7 21. b3 21... a5 {
1/2-1/2 Chereches,M-Casangiu,P/ROM-chJW Singeorz 1993/TD 93\02 (21)}) (4... Bd7
5. c3 Qe7 6. Bd3 f5 7. e5 g5 8. h3 Nh6 9. b4 Qg7 10. Nb3 Nf7 11. Qc2 Be7 12. a4
h5 13. Bd2 g4 14. Ng1 Ng5 15. Bxg5 Bxg5 16. Nc5 Be7 17. Nxb7 Rb8 18. Nc5 Bxc5
19. bxc5 Ke7 20. Ne2 h4 21. Nf4 g3 22. f3 Rb7 23. Ba6 Rbb8 24. O-O Qh6 25. Nd3
Na5 26. f4 Nc4 27. Bxc4 dxc4 28. Nb2 Rb3 29. Nxc4 Rhb8 30. Nb6 {
1-0 Roeberg,F-Eichhorst,H/Wiesbaden op 1993/GER 08 (30)}) 5. e5 Nh6 6. Nb3 Nf5
7. Bd3 Nb4 8. Be2 Nc6 9. c3 Bd7 10. Bd3 O-O 11. Qc2 11... g6 {Staerkt f5} 12.
O-O Re8 13. Bf4 Rb8 14. Qd2 b6 15. g4 15... Nh4 $18 (15... Ng7 $5 $16) 16. Nxh4
Bxh4 17. g5 a5 18. a4 Na7 (18... Ne7 19. Kg2 h6 20. gxh6 $16) 19. Kg2 c5 (19...
h6 $142 20. gxh6 20... Kh7 $18) 20. dxc5 Qc7 21. cxb6 Qxb6 22. Bc2 Qc7 (22...
Nc6 23. Qe2 h6 24. gxh6 $18) 23. Kh3 Bxg5 24. Bxg5 Qxe5 25. Kg2 Qc7 (25... d4 {
hilft allerdings auch nicht} 26. cxd4 Qd5+ 27. f3 $18) 26. Bf6 Qd6 27. Qh6 Qf8
28. Qxf8+ Kxf8 (28... Rxf8 {aendert nichts am Ausgang der Partie} 29. Be5 Rb6
30. Bd4 $18) 29. f4 Nc6 30. Nc5 Bc8 31. b3 Kg8 32. Bd3 Bb7 (32... Rb6 {
macht keinen grossen Unterschied} 33. Rae1 $18) 33. Bb5 Ba8 34. Nd7 Na7 (34...
Rbd8 {aendert nichts mehr} 35. Bxd8 Rxd8 36. Nb6 $18) 35. Be5 Nxb5 36. Nf6+ Kf8
37. Nxe8 Kxe8 (37... d4+ {hilft allerdings auch nicht} 38. Kf2 Rxe8 39. axb5
dxc3 40. Rxa5 $18) 38. Bxb8 d4+ 39. Kh3 Nxc3 40. Bc7 Bd5 41. Bxa5 Bxb3 (41...
Ne4 {nuetzt auch nichts mehr} 42. Rad1 Nc5 43. Bb6 Nxb3 44. Bxd4 $18) 42. Bxc3
dxc3 43. a5 c2 (43... Bd5 {macht keinen grossen Unterschied} 44. a6 $18) 44. a6
Bd5 (44... f6 {kann das Vorangegangene nicht ungeschehen machen} 45. Ra5 Bc4
46. Rc1 $18) 45. Rfc1 Ba8 46. Rxc2 Ke7 47. a7 e5 48. fxe5 h6 49. Ra6 g5 50.
Rc7+ Kd8 (50... Ke8 {hilft auch nicht mehr} 51. Rc8+ Ke7 52. Rxa8 Kd7 53. Rd6+
Kc7 54. Rf8 g4+ 55. Kg3 Kb7 56. Rxf7+ Ka8 57. Rd8#) 51. Rxf7 Ke8 (51... g4+ {
holt die Kuh nicht vom Eis} 52. Kxg4 Ke8 53. e6 h5+ 54. Kf4 h4 55. Rb6 Bb7 56.
Rbxb7 h3 57. a8=Q#) 52. e6 g4+ 53. Kh4 Kd8 (53... g3 {
aendert den traurigen Lauf der Dinge nicht} 54. Rb6 Bb7 55. Rbxb7 gxh2 56.
a8=Q#) 54. Rb6 Bb7 55. Rbxb7 Kc8 (55... g3 {waere gleichermassen fruchtlos} 56.
a8=Q#) 56. Rb8# 1-0

[Event "ICS unrated blitz match"]
[Site "204.178.125.65"]
[Date "1999.11.21"]
[Round "?"]
[White "Yobes"]
[Black "Hossa"]
[Result "1-0"]
[WhiteElo "1891"]
[BlackElo "2319"]
[Annotator "Hiarcs 7.32 (22s)"]
[PlyCount "129"]
[EventDate "1999.??.??"]

1. e4 1... e6 {Opening = C16 - 4.e5 ---} 2. d4 d5 3. Nc3 Bb4 4. e5 b6 5. Bd2
5... Bd7 $146 (5... Ba6 6. Bxa6 Nxa6 7. Qe2 Qc8 8. Qg4 Bf8 9. Nge2 h5 10. Qh3
Ne7 11. O-O Qd7 12. a4 O-O-O 13. Nb5 Kb7 14. Qd3 Nc6 15. c3 Be7 16. b4 f6 17.
exf6 gxf6 18. Na3 Nab8 19. a5 Rdg8 20. axb6 {
Starostits,I-Dyce,A/EU-chJM U14 Szombathely 1993/TD 93\05/1-0 (33)}) (5... a5
6. h4 (6. Nb5 Bf8 7. Nf3 c6 8. Nc3 h6 9. Ne2 Ba6 10. g3 Ne7 11. Bg2 c5 12. dxc5
bxc5 13. O-O Nbc6 14. Re1 Rb8 15. b3 Ng6 16. h4 Be7 17. Nf4 Nxf4 18. Bxf4 Qb6
19. h5 a4 20. Nd2 axb3 21. axb3 O-O 22. Qg4 Kh8 23. c4 Rbd8 24. cxd5 exd5 25.
e6 Bc8 26. Nf3 Bxe6 27. Rxe6 fxe6 28. Qxe6 28... Bf6 {
1/2-1/2 Neulinger,M-Thoma,R/AUT-chT 1996/EXP 52 (28)}) 6... h5 7. Nf3 Ba6 8.
Bxa6 Nxa6 9. Ne2 Nh6 10. Ng3 g6 11. c3 Be7 12. Bg5 c6 13. Qe2 Nc7 14. c4 Nf5
15. Rc1 Bxg5 16. hxg5 Nxd4 17. Nxd4 Qxg5 18. Qe3 Qxe3+ 19. fxe3 c5 20. Nf3 Ke7
21. Ke2 Rag8 22. Rc3 f5 23. exf6+ Kxf6 24. Rcc1 Ne8 25. Rcd1 Nc7 26. a4 Rf8 27.
Rhf1 {1-0 Arnason,J-Van Tilbury,C/St.Martin op 1992/TD 92\05 (27)}) (5... Qd7
6. Nb5 Bf8 7. Bd3 c6 8. Nc3 Ba6 9. Qe2 Bxd3 10. Qxd3 c5 11. Nce2 Nc6 12. Nf3 c4
13. Qc3 Rc8 14. O-O Nge7 15. a3 a5 16. Ne1 h5 17. f4 Nf5 18. Nf3 18... Bb4 {
0-1 Maier,M-Bee,M/Dortmund op 1987/TD 87\03 (18)}) 6. Bd3 c5 7. dxc5 bxc5 8.
Qg4 g6 9. Nf3 Nc6 10. Qf4 Qb8 11. O-O c4 12. Be2 Bf8 13. b3 cxb3 14. axb3 Bh6
15. Qg3 Bxd2 16. Nxd2 Nxe5 17. f4 Nc6 18. Na4 Nd4 19. Bd3 Bxa4 20. Rxa4 Nc6 21.
Kh1 Qc7 22. Qh4 Rb8 23. Rfa1 Qd6 24. Nf3 Qe7 25. Qf2 Qd6 26. Ne5 Nge7 27. Qh4
a5 28. Qf6 Rf8 29. Qg7 h5 30. Qf6 Qc5 31. Rd1 Rb4 32. Raa1 Qf2 33. Rf1 Qc5 34.
Rfd1 Rb6 35. Rab1 Ng8 36. Qg7 Nxe5 37. fxe5 h4 38. Rf1 h3 39. gxh3 Ne7 40. Qf6
Ng8 41. Qf4 Ne7 42. Ra1 d4 43. Qe4 Nc6 44. Rae1 Rb4 45. Re2 a4 46. bxa4 Rxa4
47. c3 Ra3 48. cxd4 Nxd4 49. Rb2 Qd5 50. Rb8+ Ke7 51. Rb7+ Ke8 52. Qxd5 exd5
53. Bxg6 Rf3 54. Ra1 Nc6 55. Bc2 Rf4 56. Bd3 Rc4 (56... Rb4 {
bietet noch letzte Rettungschancen} 57. Ra8+ Nd8 58. Rxb4 58... Ke7 $18) 57.
Ra8+ Nd8 58. e6 fxe6 59. Bg6+ Rf7 60. Bxf7+ Kf8 61. Bg6 Rc1+ 62. Kg2 Rc2+ 63.
Bxc2 Ke8 64. Bg6+ Kf8 65. Rxd8# 1-0

[Event "ICS unrated blitz match"]
[Site "204.178.125.65"]
[Date "1999.11.21"]
[Round "?"]
[White "Yobes"]
[Black "Hossa"]
[Result "1-0"]
[WhiteElo "1891"]
[BlackElo "2319"]
[Annotator "Hiarcs 7.32 (22s)"]
[PlyCount "43"]
[EventDate "1999.??.??"]

1. e4 1... e6 {Opening = C17 - 4.e5 c5 (5.a3 ---)} 2. d4 d5 3. Nc3 Bb4 4. e5 c5
5. Bd2 cxd4 6. Nb5 Bc5 7. Qg4 7... g6 $146 (7... Ne7 8. b4 a6 9. bxc5 axb5 10.
Bxb5+ (10. Qxg7 Rg8 11. Qxh7 Qc7 12. Nf3 Bd7 13. Bd3 Nbc6 14. Kf1 Na5 15. Ng5
Rf8 16. Qg7 Nc4 17. Bf4 O-O-O 18. Nxf7 Rxf7 19. Qxf7 Qxc5 20. g3 Nc6 21. Qg7
Kb8 22. h4 Nb2 23. Bg5 Nxd3 24. cxd3 Rf8 25. Rc1 Qa3 26. Qxd7 Qxd3+ 27. Kg1 Rf3
28. Rh2 Qe2 29. Qxe6 Nxe5 30. Bf4 Rxf4 31. Qd6+ Ka8 32. Rc8+ Ka7 33. Qc5+ {
1-0 Perez,J-Chong,B/Novi Sad olm 1990/TD 90\06 (33)}) 10... Bd7 11. Bxd7+ Nxd7
12. Bb4 Ng6 13. Nf3 Qc7 14. Qxd4 Ndxe5 15. Nxe5 Qxe5+ 16. Qxe5 Nxe5 17. O-O Nc6
18. a3 O-O 19. Rfd1 Ra4 20. Rab1 Rd8 21. Rd3 Ne5 22. Rg3 {
Marquardt,A-Zimmermann,J/JBL NW95/96 1995/0-1 (45)}) (7... Kf8 8. b4 (8. O-O-O
a6 9. Nxd4 Bxd4 10. Qxd4 Nc6 11. Qc5+ Nge7 12. Nf3 Rb8 13. c4 Kg8 14. Bg5 Qe8
15. Qb6 h6 16. Bf4 Bd7 17. h4 Qd8 18. Qxd8+ Rxd8 19. h5 Kf8 20. g4 Bc8 21. Be3
Rd7 22. Bc5 Ke8 23. Bd6 b6 24. Nd2 Bb7 25. Bg2 Na5 26. cxd5 Bxd5 27. Bxd5 Nxd5
28. Kb1 Nc7 29. Rc1 Nb5 30. Ne4 30... Nb7 {
1-0 Scherer,H-Schmidt,A/Triberg rapid 1991/GER 04 (30)}) 8... Be7 9. Nxd4 Nh6
10. Qh3 Nf5 11. Nxf5 exf5 12. Nf3 Nc6 13. b5 Na5 14. Bd3 g6 15. Qh6+ Kg8 16. h4
Nc4 17. Bxc4 dxc4 18. h5 Be6 19. Rd1 Qd5 20. O-O Qe4 21. Ng5 Qg4 22. Nxe6 fxe6
23. Be3 Rd8 24. Rxd8+ Bxd8 25. Bc5 Kf7 26. Qd2 Re8 27. Qd7+ Be7 28. hxg6+ hxg6
29. Qxb7 f4 30. Bxa7 Qf5 31. c3 Qxe5 32. Bd4 Qd6 33. Re1 Rb8 34. Qa6 Qd7 35. b6
Qc6 36. Qa5 Bd6 37. Qg5 e5 38. Bxe5 Bxe5 39. Qxe5 Rxb6 40. Qe7+ {
1-0 Seret,J-Gulbrandsen,A/Luzern olm 1982/BIG 80 (40)}) 8. Nxd4 8... Qc7 $14 (
8... Qb6 $5 {muss beachtet werden} 9. Bc3 9... Nc6 $11) 9. Ngf3 Nd7 10. O-O-O
10... Nxe5 $2 $18 (10... Ne7 $14 $142 {sieht noch spielbar aus}) 11. Nb5 Nxg4
12. Nxc7+ Kf8 13. Nxa8 Nxf2 14. Bb5 Nxh1 15. Rxh1 f6 16. Rf1 Ke7 17. Re1 a6 18.
Bd3 18... e5 {Will d4 spielen} (18... Kf7 19. b4 Ba7 20. Rf1 $18) 19. c4 19...
d4 $4 {Schwarz zeigt sich dem Druck nicht mehr gewachsen} (19... Bg4 20. Nc7
20... d4 $18) 20. Nxe5 Kf8 21. Nf3 Bg4 22. Be4 (22. Be4 b5 23. cxb5 axb5 24.
Nc7 $18) 1-0